000 00187 a2200097 4500
020 _a9780673758835
041 _aspa
100 _aLillegard, Dee
245 _aPapas el martes
942 _cBK
999 _c31938
_d31936